00325nam a2200121Ia 4500008004100000100003500041245002400076260003100100300000800131650004000139942000700179999001700186190216s9999||||xx |||||||||||||| ||und|| a"Gupta Sl, Kumar V, Sharma Hv" 0aClassical Mechanics bPragathi Prakashanc1993 a40p aClassical Mechanics Solid Mechanics cBK c32843d32843